| 000 | 00411cam a2200193 4500 | ||
|---|---|---|---|
| 001 | D12982 | ||
| 008 | 090401t1953 xxu||||| |||| 00| 0 eng d | ||
| 035 | _a(Sirsi) u6991 | ||
| 041 | _aeng | ||
| 050 | _a622.334 | ||
| 100 | _aHolland, J.L. | ||
| 245 | _aSurveying | ||
| 260 |
_aLondon _bVirtue & Co _c1953 |
||
| 300 | _a2 vols | ||
| 350 | _a3 | ||
| 520 | _aShelf 182 | ||
| 942 | _n0 | ||
| 948 | _c04/03/1997 | ||
| 999 |
_c86374 _d86374 |
||